=LDR 00000nam 2200000 4500 =001 INLIS000000000026649 =005 20200625115131 =035 ##$$a 0010-061300000026649 =008 200625################g##########0#ind## =041 ##$$a ind =082 ##$$a 2x5.1 =090 ##$$a 2x5.1 Haz s =100 ##$$a Hazza, Ali shaleh =245 1#$$a Sudah muliakah akhlak anda? : $b (Kumpulan kisah akhlak mulia dan tercela) /$c Ali Shalih Hazza' ; penerjemah, Izzudin Al-Karimi =260 ##$$a Surabaya :$b La Raiba bima Amanta,$c 2007 =300 ##$$a 134 hlm. ; $c 17 x 12 cm. =650 #4$$a Akhlak Islam =700 #$$a Al-Karimi, Izzudin =850 ##$$a NBPNMAT =020 ##$$a 978-979-26-6762-2 =084 ##$$a 2x5.1 HAZ s =250 ##$$a cet. 1 =520 ##$$a Judul asli ; Makarimul akhklaq =990 ##$$a 20704599 =990 ##$$a 20704596/pb-07